El alamein to the river sangro (Record no. 425189)

000 -LEADER
fixed length control field 00554cam a22001457a 4500
008 - FIXED-LENGTH DATA ELEMENTS--GENERAL INFORMATION
fixed length control field 180718b1948 xxu||||| |||| 00| 0 eng d
082 ## - DEWEY DECIMAL CLASSIFICATION NUMBER
Classification number D49 M766e
100 ## - MAIN ENTRY--PERSONAL NAME
Personal name Montgomery of Alamein, Viscount
245 ## - TITLE STATEMENT
Title El alamein to the river sangro
Statement of responsibility, etc. by Field Marshal the Viscount Montgomery of Alamein
260 ## - PUBLICATION, DISTRIBUTION, ETC.
Place of publication, distribution, etc. London
Name of publisher, distributor, etc. Hutchinson
Date of publication, distribution, etc. 1948
300 ## - PHYSICAL DESCRIPTION
Extent xi, 132p
650 ## - SUBJECT ADDED ENTRY--TOPICAL TERM
Topical term or geographic name entry element World War, 1939-1945 --Regimental histories --Great Britain --Eighth Army
650 ## - SUBJECT ADDED ENTRY--TOPICAL TERM
Topical term or geographic name entry element World War, 1939-1945 --Campaigns --Africa, North
650 ## - SUBJECT ADDED ENTRY--TOPICAL TERM
Topical term or geographic name entry element Great Britain. Army. Army, Eighth
Holdings
Withdrawn status Lost status Damaged status Not for loan Permanent Location Current Location Date acquired Full call number Barcode Date last seen Price effective from Koha item type
        Indian Institute of Public Administration Indian Institute of Public Administration 2009-10-06 D49 M766e 17120 2018-07-21 2018-07-21 Book

Powered by Koha